| 000 | 00508nam a22001457a 4500 | ||
|---|---|---|---|
| 005 | 20251117104916.0 | ||
| 008 | 251117b |||||||| |||| 00| 0 eng d | ||
| 050 |
_aTHE HF 5548.32 .O53 2016 _bC. 1 |
||
| 100 | _aONDUSO, MARY NYATUKA | ||
| 245 | _aAN ASSESSMENT OF THE FACTORS INFLUENCING ADOPTION OF SOCIAL MEDIA ADVERTISING ON GROWTH OF SMALL AND MEDIUM ENTERPRISES IN KISII COUNTY, KENYA. | ||
| 260 |
_aKISII _bKSU _c2016 |
||
| 300 | _aXII, 58P.,ILL. | ||
| 500 | _aINCLUDES REFERENCES | ||
| 942 |
_2lcc _cREF |
||
| 999 |
_c216194 _d216194 |
||